| 000 | 00446cam a2200169ua 4500 | ||
|---|---|---|---|
| 020 | _c3.00 | ||
| 041 |
_amal _h |
||
| 082 |
_a894.812301 _bTOL/MU |
||
| 100 | _aTolstou, Alexer . | ||
| 245 |
_aMudanthan rajakumaran / _cAlexer Tolstoy. _hTextual Documents |
||
| 260 |
_aKottayam : _bPrabhatham printing and publishing co. pvt. ltd. , _c1960. |
||
| 300 | _a94 ; . | ||
| 365 | _a3.00 | ||
| 504 | _a | ||
| 942 | _cBK | ||
| 999 |
_c11404 _d11404 |
||